| 000 | 01189nam a22002177a 4500 | ||
|---|---|---|---|
| 005 | 20250929114923.0 | ||
| 008 | 250926b |||||||| |||| 00| 0 eng d | ||
| 020 | _a9788198870698 | ||
| 040 | _cAL | ||
| 041 | _aEnglish | ||
| 082 |
_a791.430954 _bHANY |
||
| 100 |
_aV Basil Hans _9240921 |
||
| 245 |
_aYodel king of hindi films _b: Kishore Kumar |
||
| 260 |
_aGhazizbad _bPen and Paper Academy _c2025 |
||
| 300 |
_aviii,196p. _bPB _c21.5x14cm |
||
| 365 |
_b₹499.00 _c₹ _d₹499.00 |
||
| 520 | _aYodel King of Hindi Films: Kishore Kumar is an exploration of his life and legacy. It seeks to uncover not only the milestones of his prolific career but also the moments of struggle, satire, spontaneity, and solitude that defined his journey. From his early days in Khandwa to the peak of his superstardom in Mumbai, from comic brilliance on screen to hauntingly beautiful ballads behind the mic-this book delves into the man behind the magic.ecdotes, sharp insights, and heartfelt tributes, this is a celebration of an artist whose genius still echoes across generations. | ||
| 650 |
_aFilm Direction _9240583 |
||
| 650 |
_aActing Singer Producer Lyricist _9240584 |
||
| 942 |
_2ddc _cBK |
||
| 999 |
_c240509 _d240509 |
||